|
|
|
|
| LEADER |
00000nam0a2200000 4500 |
| 001 |
339810 |
| 005 |
20231102005159.0 |
| 035 |
|
|
|a (RuTPU)RU\TPU\book\366353
|
| 090 |
|
|
|a 339810
|
| 100 |
|
|
|a 20180129d1972 km y0rusy50 ca
|
| 101 |
0 |
|
|a rus
|
| 102 |
|
|
|a RU
|
| 105 |
|
|
|a y z 000zy
|
| 200 |
1 |
|
|a Транспорт и борьба с шумом
|f В. И. Чуднов
|
| 210 |
|
|
|a Москва
|c Знание
|d 1972
|
| 215 |
|
|
|a 32 с.
|
| 225 |
1 |
|
|a Новое в жизни, науке, технике. Серия "Транспорт"
|v № 8
|
| 606 |
1 |
|
|a Автотранспорт
|x Охрана труда
|2 stltpush
|3 (RuTPU)RU\TPU\subj\1398
|9 30182
|
| 610 |
1 |
|
|a автомобили
|
| 610 |
1 |
|
|a децибелы
|
| 610 |
1 |
|
|a авиация
|
| 610 |
1 |
|
|a железные дороги
|
| 610 |
1 |
|
|a трамваи
|
| 610 |
1 |
|
|a троллейбусы
|
| 610 |
1 |
|
|a транспортные средства
|
| 610 |
1 |
|
|a снижение
|
| 610 |
1 |
|
|a шум
|
| 675 |
|
|
|a 656.13:658.382
|v 4
|
| 700 |
|
1 |
|a Чуднов
|b В. И.
|g Владимир Иванович
|
| 801 |
|
1 |
|a RU
|b 63413507
|c 20180129
|
| 801 |
|
2 |
|a RU
|b 63413507
|c 20180129
|g RCR
|
| 942 |
|
|
|c BK
|